| 000 | 01803cam a22002893a 4500 | ||
|---|---|---|---|
| 001 | 31161 | ||
| 003 | PGUSA | ||
| 005 | 20140828083656.0 | ||
| 008 | 100203s2010||||xxu|||||s|||||000 | eng d | ||
| 040 |
_aPGUSA _beng |
||
| 042 | _adc | ||
| 050 | 4 | _aDD | |
| 100 | 1 |
_aSarolea, Charles, _d1870-1953 |
|
| 245 | 1 | 0 |
_aGerman Problems and Personalities _h[electronic resource] / _cCharles Sarolea |
| 260 |
_bProject Gutenberg, _c2010 |
||
| 505 | 0 | _aIntroduction, by the literary editor of the New York "Times" -- An American preface [written for the American ed. of the "Anglo-German problem"] -- My forecasts of 1906 and 1912 -- The curse of the Hohenzollern -- The German war-triumvirate: Nietzsche. Montaigne and Nietzsche. Treitschke. Bernhardi -- Frederick the Great: the father of Prussian militarism -- The apotheosis of Goethe -- The service of the city in Germany -- The neglect of German -- Mecklenburg, the paradise of Prussian junkerthum -- The German race heresy and the war -- A slump in German theology -- The German enigma -- The tragic isolation of Germany: an interview with a continental statesman -- Russia and Germany -- The peacemaker of Germany: Prince Bernhard von Bülow -- The silence of Herr von Bethmann-Hollweg -- The coming revolution in Germany -- Via pacis -- Appendix. The private morality of the Prussian kings: Frederick William II, the Hohenzollern polygamist, by A. Sorel. | |
| 506 | _aPublic domain in the USA. | ||
| 516 | _aElectronic text | ||
| 653 | _aGermany -- Intellectual life | ||
| 653 | _aWorld War, 1914-1918 | ||
| 653 | _aGermany -- Foreign relations | ||
| 653 | _aGermany -- Politics and government | ||
| 700 | 1 |
_aSorel, Albert, _d1842-1906 |
|
| 830 | 0 |
_aProject Gutenberg _v31161 |
|
| 856 | 4 | 0 | _uhttp://www.gutenberg.org/ebooks/31161 |
| 942 | _cEB | ||
| 999 |
_c260416 _d260416 |
||